Persische und parthische Geographie und Geschichte (schwer) - Statistiken

Allgemein
  • Dieses Quiz wurde 13 mal gespielt
  • Das Durchschnittsergebnis liegt bei 7 aus 35
Antwortstatistiken
Frage mit Hinweis Antwort % Korrekt
Makedonischer Eroberer des Achämenidenreichs Alexander
67%
Hauptstadt des Perserreichs (6.-4. Jhdt. v. Chr.) Persepolis
56%
Hauptstadt des Perserreichs (6.-4. Jhdt. v. Chr..) Babylon
44%
Großkönig von 522 bis 486 V. Chr. Dareios
44%
Großkönig, der Athen niederbrennen ließ Xerxes
44%
Erster sassanidischer Großkönig Ardaschir
33%
Erster Großkönig des Achämenidenreichs Kyros
33%
Zweiter sassanidischer Großkönig Schapur
33%
Umkämpftes Königreich in der Bergregion zwischen dem Römischen und dem Parthischen Reich Armenien
22%
Persischer König, der 540 n. Chr. Antiochia zerstörte Chosrau I
22%
Kaiser, der 610 n. Chr. die Macht im OströmischenReich von jenem übernahm Herakleios
22%
Römischer Kaiser, der auf dem Rückweg seinesKrieges gegen das sassanidische Perserreich verstarb Julian
22%
Zweiter Großkönig des Achämenidenreichs Kambyses
22%
Letzter König Lydiens vor der Eingliederung in das Achämenidenreich Kroisos
22%
Hauptstadt des Partherreichs Ktesiphon
22%
Ort entscheidender Schlacht gegen Athen, Spartaund andere griechische Stadtstaaten (479 v. Chr.) Plataiai
22%
Hauptstadt des Perserreichs (6.-4. Jhdt. v. Chr.) Susa
22%
Römischer Kaiser, der 260 in persische Gefangenschaft geriet Valerian
22%
Herrschaftsdynastie des Partherreichs Arsakiden
11%
Verbündeter des Perserreichs gegen Ostrom bei der Belagerung Konstantinopels 626 n. Chr. Awaren
11%
Hauptstadt des Perserreichs (6.-4. Jhdt. v. Chr.) Ekbatana
11%
Fluss, der oft Grenze zwischen Rom inklusiveKlientelstaaten und dem Partherreich bildete Euphrates
11%
Rivalisierendes Reich an der Ostgrenze desPerserreichs im 3. Jahrhundert Kuschan
11%
Oströmischer Kaiser, der Chosrau II. auf denThron verhalf Maurikios
11%
Hauptstadt des Perserreichs (6.-4. Jhdt. v. Chr.) Pasargadae
11%
Kaiser, der infolge einer Revolte 602 n. Chr. an die Macht kam Phokas
11%
Persischer General, der 619 n. Chr. Ägypten eroberte und 630 kurz Großkönig war Schahrbaraz
11%
Reich, von dem sich Parthien unabhängig machte Seleukidenreich
11%
Letzter sassanidischer Großkönig Yazdegerd III
11%
Verwaltungssprache im Achämenidenreich neben Persisch (2) Aramäisch
0%
Usurpator im Perserreich um 590 n. Chr. Bahram Chobin
0%
Verwaltungssprache im Achämenidenreich neben Persisch (1) Elamitisch
0%
Römischer General im Partherkrieg in den 60er-Jahren des 1. Jahrhunderts Gnaeus Domitius Corbulo
0%
Verbündeter Ostroms gegen das Perserreichbei der Entscheidungsschlacht von Ninive 627 n. Chr. Köktürken
0%
Sieg sassanidischer Truppen gegen die Armeeder muslimischen Araber 634 n. Chr. Schlacht an der Brücke
0%
Keine übereinstimmenden Quizze gefunden
Verteilung der Resultate
Anzahl Personen mit jedem Resultat
Perzentil nach korrekt beantworteten Fragen
Ihre Resultats-Entwicklung
Sie haben dieses Quiz noch nicht gespielt